[Event "FRA-ch U14 Girls"]
[Site "Le Grand Bornand"]
[Date "2007.04.??"]
[Round "9"]
[White "Mencacci, Tiphanie"]
[Black "Colin, Anais"]
[Result "1-0"]
[WhiteElo "1563"]
[BlackElo "1400"]
[PlyCount "35"]
[EventDate "2007.04.07"]
[EventType "swiss"]
[EventRounds "9"]
[EventCountry "FRA"]
[SourceTitle "CBM 118 Extra"]
[Source "ChessBase"]
[SourceDate "2007.07.04"]
[SourceVersion "1"]
[SourceVersionDate "2007.07.04"]
[SourceQuality "1"]

1. e4 e5 2. Nf3 Nc6 3. Bc4 Bc5 4. d3 Nf6 5. Nc3 d6 6. Bg5 Be6 7. Bb3 Qd7 8. Qd2 d5 9. Ba4 dxe4 10. Nxe5 Ng4 11. Nxd7 Bxf2+ 12. Kf1 e3 13. Qc1 Bxd7 14. a3 Nge5 15. Bxe3 Bxe3 16. Qxe3 f6 17. Bxc6 Bxc6 18. d4 1-0